| 000 | 01233oam a22002172a 4500 | ||
|---|---|---|---|
| 999 |
_c8293 _d8293 |
||
| 020 | _a9780702030673; 0702030678 | ||
| 050 |
_aRG101 _b.B16 |
||
| 100 | _aBain, Catrina; | ||
| 245 |
_cby Catrina Bain; Kevin Burton; C Jay McGavigan; D McK Hart _aGynaecology illustrated |
||
| 250 | _a6th ed. | ||
| 260 |
_aEdinburgh ; New York : _b Elsevier Churchill Livingstone, _c2011. |
||
| 300 |
_a x, 414 pages : _billustrations ; _c25 cm. |
||
| 500 | _aIncludes index | ||
| 505 | _aEmbryology of the reproductive tract -- Anatomy of the reproductive tract -- Physiology of the reproductive tract -- Disorders of sex development -- History and examination -- Abnormalities of menstruation -- Gynaecological infections -- Diseases of the vulva -- Diseases of the vagina -- Diseases of the cervix -- Diseases of the uterus -- Prolapse and urogynaecology -- Diseases of the ovary and fallopian tube -- Complications of gynaecological surgery -- Early pregnancy -- Sexuality and contraception -- Infertility -- The menopause. | ||
| 650 | _aGynecology./ | ||
| 650 | _aGenerative organs, Female./ | ||
| 650 | _aGenital Diseases, Female./ | ||
| 700 | _aBurton, Kevin | ||
| 710 | _aMcGavigan, C Jay | ||
| 942 | _cBK | ||